Ôn tập tiếng Pháp Trình độ B
Saved in:
| Corporate Author: | |
|---|---|
| Format: | Book |
| Subjects: | |
| Tags: |
Add Tag
No Tags, Be the first to tag this record!
|
| Institutions: | Trung tâm Học liệu Lê Vũ Hùng, Trường Đại học Đồng Tháp |
|---|
| LEADER | 00787pam a22002538a 4500 | ||
|---|---|---|---|
| 001 | 00038703 | ||
| 005 | 20171026081025.0 | ||
| 008 | 170516s ||||||Viesd | ||
| 041 | 0 | # | |a Vie |
| 082 | 1 | # | |a 448 |b O454T |
| 110 | |a Dong Thap University |b Foreign languages and informatics center | ||
| 245 | 0 | 0 | |a Ôn tập tiếng Pháp |b Trình độ B |c Lưu hành nội bộ |
| 300 | # | # | |a 8 tr. |c 29 cm |
| 653 | # | # | |a Ngôn ngữ |
| 653 | # | # | |a Tiếng Pháp |
| 653 | # | # | |a Tự học |
| 653 | # | # | |a Trình độ B |
| 852 | # | # | |b Kho mượn |j KM.0022133 |
| 852 | # | # | |b Kho đọc |j KD.0021009 |
| 852 | # | # | |j KD.0021009 |j KM.0022133 |
| 910 | |d 16/05/2017 | ||
| 980 | # | # | |a Trung tâm Học liệu Lê Vũ Hùng, Trường Đại học Đồng Tháp |